| 000 | 01330nam0a22002891 4500 | ||
|---|---|---|---|
| 001 | rc\10533 | ||
| 005 | 20250612175743.0 | ||
| 035 | _a(NLR Aleph) 008766844 | ||
| 090 |
_a7899422 _c7899422 |
||
| 100 | _a20021204d1991 |||y0rusy50 ca | ||
| 101 | 0 | _arus | |
| 102 | _aRU | ||
| 105 | _aa ||||||||| | ||
| 200 | 1 |
_aВОЗБУЖДЕНИЕ, управление и защита безщеточных синхронных машин (компенсаторов) _f[Дегиль Б.Г.] |
|
| 210 |
_aМ. _cИнформэнерго _d1991 |
||
| 215 |
_a65 с., включ. обл. _cил. _d20 |
||
| 225 | 1 |
_aЭнергетика и электрификация _eОбзор. информ. _fЦНТИ по энергетике и электрификации _iСерия "Монтаж и наладка электрооборудования на электростанциях и подстанциях" _vВып. 1 |
|
| 300 | _aВ надзаг. также: М-во энергетики и электрофикации СССР | ||
| 320 | _aБиблиогр.: с. 60-64 | ||
| 606 | 1 |
_aСинхронные компенсаторы _2nlr_sh1 |
|
| 701 | 1 |
_aДегиль _bБ.Г. |
|
| 801 | 0 |
_aRU _bNLR _gpsbo |
|
| 801 | 1 |
_aRU _bELAR _2rusmarc |
|
| 801 | 2 |
_aRU _bNLR _c20050330 _2rusmarc |
|
| 852 |
_aNLR _jП10/6215 |
||
| 942 | _cBOOK | ||
| 980 | _aNB | ||